Statistics for Craig Robinson Filmography

Click here to take the quiz!

General Stats

  • This quiz has been taken 16 times
    (2 since last reset)
  • The average score is 7 of 112

Answer Stats

TypeYearName% Correct
Film2010Shrek Forever After
100%
Video Game2010Shrek Forever After: The Game
100%
TV Show2016-2022American Dad!
50%
TV Show2014-2021Brooklyn Nine-Nine
50%
TV Show2004Friends
50%
Film2010Hot Tub Time Machine
50%
Film2015Hot Tub Time Machine 2
50%
Film2008Pineapple Express
50%
Film2016Sausage Party
50%
TV Show2005-2013The Office
50%
Film2013This Is the End
50%
TV Special20102010 VH1 Hip Hop Honors: The Dirty South
0%
Web Series2023Agent Elvis
0%
Music Video2012All I Need Is Love
0%
Short Film2012All Star Bowling Trick Shots
0%
TV Show2023America's Got Talent
0%
Film2018An Evening with Beverly Luff Linn
0%
Short Film2001AppleJax and YoYo
0%
TV Show2005Arrested Development
0%
Film2017Austin Found
0%
TV Show2017-2019Big Mouth
0%
TV Show2017Caraoke Showdown
0%
Web Series2022Central Park
0%
TV Show2014Comedy Bang! Bang!
0%
TV Show2005Curb Your Enthusiasm
0%
Film2007Daddy's Little Girls
0%
TV Show2002Def Comedy Jam
0%
Commercial2014Dodge Dart
0%
Film2019Dolemite Is My Name
0%
Film2020Dolittle
0%
TV Show2018Dream Corp, LLC
0%
Film2007D-War
0%
TV Show2009, 2012Eastbound & Down
0%
Film2013Escape from Planet Earth
0%
Film2009Fanboys
0%
Film2010Father of Invention
0%
Commercial2021Gain Laundry Detergent
0%
Film2014Get on Up
0%
TV Show2017-2018Ghosted
0%
TV Show2007Halfway Home
0%
Web Series2022-PresentHarlem Globetrotters: Play It Forward
0%
Commercial2014Hay Day
0%
Film2018Henchmen
0%
Web Mini-Series2020Home Movie: The Princess Bride
0%
Music Video2006Hump de Bump
0%
Web Series2009James Gunn's PG Porn
0%
Film2019Jay and Silent Bob Reboot
0%
TV Show2015Key & Peele
0%
Web Series2022-PresentKilling It
0%
Film2007Knocked Up
0%
TV Show2013Kroll Show
0%
TV Show2010Last Comic Standing
0%
TV Show2004LAX
0%
TV Show2011Love Bites
0%
TV Show2003Lucky
0%
Web Series2020Make It Up As We Go
0%
TV Show2023Marvel's Moon Girl and Devil Dinosaur
0%
Web Series2020Medical Police
0%
Short Film2009Memphis Calling
0%
Film2009Miss March
0%
Film2021Mona Lisa and the Blood Moon
0%
Film2016Morris from America
0%
TV Show2015Mr. Robinson
0%
TV Mini-Series2007Mr Robinson's Driving School
0%
TV Show2016Mr. Robot
0%
Web Special2021Muppets Haunted Mansion
0%
FilmTBAMy Spy: The Eternal City
0%
TV Show2021Nickelodeon's Unfiltered
0%
Film2009Night at the Museum: Battle of the Smithsonian
0%
Web Series2022Oni: Thunder God's Tale
0%
Film2013Peeples
0%
Film2013Percy Jackson: Sea of Monsters
0%
Documentary Mini-Series2022Phat Tuesdays
0%
Commercial2021-PresentPizza Hut
0%
TV Film2002Play'd: A Hip Hop Story
0%
Film2009Post Grad
0%
Short Film2008Prop 8: The Musical
0%
Film2013Rapture-Palooza
0%
TV Show2016Real Husbands of Hollywood
0%
TV Special2022Reindeer in Here
0%
TV Show2009Reno 911!
0%
TV Show2020Ryan's Mystery Playdate
0%
Web Series2021Santa Inc.
0%
Film2024Saving Bikini Bottom: The Sandy Cheeks Movie
0%
Film2020Songbird
0%
Web Series2022StoryBots: Answer Time
0%
Film2017Table 19
0%
TV Show2023That's My Jam
0%
Film2019 | 2021 | 2024The Ark and the Aardvark
0%
Film2022The Bad Guys
0%
Short Film2022The Bad Guys in Maraschino Ruby
0%
TV Show2004The Bernie Mac Show
0%
TV Show2009-2013The Cleveland Show
0%
Short Film2008The Frequency of Claire
0%
Commercial2021The General
0%
Film2009The Goods: Live Hard, Sell Hard
0%
Web Special2023The Improv: 60 and Still Standing
0%
TV Show2020-2021The Masked Dancer
0%
TV Show2008The Office: Kevin's Loan
0%
Web Series2022The Wonderful World of Mickey Mouse
0%
Film2020Timmy Failure: Mistakes Were Made
0%
Commercial2017, 2018Tostitos
0%
Film2017Tragedy Girls
0%
Film2007Walk Hard: The Dewey Cox Story
0%
Commercial2015Wal-Mart
0%
TV Show2020What We Do in the Shadows
0%
Short Film2005Year of the Scapegoat
0%
Web Series2020-2022Your Attention Please
0%
Film2008Zack and Miri Make a Porno
0%
Film2019Zeroville
0%

Score Distribution

Percentile by Number Answered

Percent of People with Each Score

Your Score History

You have not taken this quiz since the last reset